[Event "?"]
[Site "ICC 2 12 10/03/97, Internet C"]
[Date "1997.??.??"]
[Round "?"]
[White "Brause"]
[Black "MeWithMyself"]
[Result "1-0"]
[WhiteElo "2450"]
[BlackElo "2185"]
[PlyCount "32"]

1. e4 e5 2. Nf3 Nc6 3. Nc3 Nf6 4. Nxe5 Nxe5 5. d4 Ng6 6. e5 Ng8 7. Bc4 d6 8.
Qf3 Qd7 9. O-O Qf5 10. Qe2 dxe5 11. f4 e4 12. Nxe4 Be7 13. Ng3 Qd7 14. f5 Nf8
15. Bxf7+ Kxf7 16. Qh5+ g6 1-0

[Event "?"]
[Site "ICC 2 12 10/03/97, Internet C"]
[Date "1997.??.??"]
[Round "?"]
[White "Brause"]
[Black "MeWithMyself"]
[Result "1-0"]
[WhiteElo "2455"]
[BlackElo "2175"]
[PlyCount "27"]

1. e4 e5 2. Nf3 Nc6 3. Nc3 Nf6 4. Nxe5 Nxe5 5. d4 Nc6 6. d5 Nb8 7. e5 Ng8 8. d6
cxd6 9. exd6 Qf6 10. Nb5 Na6 11. Bc4 Qe5+ 12. Be3 Nh6 13. O-O Nf5 14. Re1 1-0

[Event "?"]
[Site "ICC 2 12 10/03/97, Internet C"]
[Date "1997.??.??"]
[Round "?"]
[White "Brause"]
[Black "MeWithMyself"]
[Result "1-0"]
[WhiteElo "2460"]
[BlackElo "2170"]
[PlyCount "47"]

1. e4 e5 2. Nf3 Nc6 3. Nc3 Nf6 4. Nxe5 Nxe5 5. d4 Ng6 6. e5 Ng8 7. Bc4 f6 8.
Qh5 fxe5 9. Bd3 Qf6 10. Nd5 Qd6 11. Bxg6+ hxg6 12. Nxc7+ Qxc7 13. Qxh8 Kf7 14.
O-O d5 15. c3 Bf5 16. dxe5 Qxe5 17. Be3 Nf6 18. Qh4 Bd6 19. Bd4 Qf4 20. Bxf6
gxf6 21. Qh7+ Ke6 22. Rae1+ Be5 23. g3 Qf3 24. Re3 1-0

[Event "?"]
[Site "ICC 2 12 10/03/97, Internet C"]
[Date "1997.??.??"]
[Round "?"]
[White "Brause"]
[Black "DrTarrasch"]
[Result "0-1"]
[WhiteElo "2450"]
[BlackElo "2135"]
[PlyCount "131"]

1. e4 e5 2. Nf3 Nc6 3. Nc3 Nf6 4. Nxe5 Nxe5 5. d4 Ng6 6. e5 Ng8 7. Bc4 Bb4 8.
Qf3 Qe7 9. O-O Bxc3 10. bxc3 Nh6 11. g3 O-O 12. Qh5 d5 13. Bxd5 Bg4 14. Qg5 c6
15. Qxe7 Nxe7 16. Bg2 Be2 17. Re1 Bc4 18. Ba3 Rfe8 19. Reb1 b6 20. Bxe7 Rxe7
21. Bxc6 Rc8 22. Be4 Ba6 23. Rb3 Rec7 24. Ra3 Bb7 25. d5 Ba8 26. Rd1 Kf8 27.
Rd4 g6 28. Bd3 Nf5 29. Bxf5 gxf5 30. d6 Rd7 31. Rda4 a5 32. Rb3 Bc6 33. Raa3
Rb7 34. c4 Ke8 35. c5 bxc5 36. Rxa5 Bd5 37. Rxb7 Bxb7 38. a4 Kd7 39. Ra7 Kc6
40. a5 Ra8 41. Rxa8 Bxa8 42. f4 Bb7 43. Kf2 Bc8 44. Ke3 Kb5 45. a6 Kxa6 46. h3
Kb5 47. Ke2 Kc4 48. Kd2 Be6 49. h4 h5 50. Ke2 Kc3 51. Kd1 Bd7 52. Kc1 Kd4 53.
Kd2 c4 54. c3+ Ke4 55. Ke2 Be6 56. Kf2 Kd3 57. g4 fxg4 58. f5 Bxf5 59. Kg3 Ke3
60. Kg2 Kf4 61. e6 Bxe6 62. Kf2 g3+ 63. Kg2 Kg4 64. Kg1 Kxh4 65. Kg2 Kg4 66. d7
0-1

[Event "?"]
[Site "ICC 2 12 10/21/97, Internet C"]
[Date "1997.??.??"]
[Round "?"]
[White "Brause"]
[Black "mishah"]
[Result "1-0"]
[WhiteElo "2560"]
[BlackElo "1910"]
[PlyCount "59"]

1. e4 e5 2. Nf3 Nc6 3. Nc3 Nf6 4. Nxe5 Nxe5 5. d4 Ng6 6. e5 Ng8 7. Bc4 d5 8.
Bxd5 N8e7 9. Bb3 Bf5 10. O-O Qd7 11. Be3 Nc6 12. Ba4 a6 13. d5 b5 14. Nxb5 axb5
15. Bxb5 Nge7 16. c4 Ra5 17. dxc6 Qxd1 18. Rfxd1 Be4 19. Rd7 Bxc6 20. Rxc7 Bxb5
21. Bd2 Ra8 22. cxb5 Nd5 23. Rb7 Be7 24. Rd1 O-O 25. Rd7 Rfd8 26. Rxd8+ Rxd8
27. Ba5 Rc8 28. a4 Rc2 29. g3 Nc7 30. Rd7 1-0

[Event "?"]
[Site "ICC 2 12 10/21/97, Internet C"]
[Date "1997.??.??"]
[Round "?"]
[White "Brause"]
[Black "DrTarrasch"]
[Result "1/2-1/2"]
[WhiteElo "2545"]
[BlackElo "2325"]
[PlyCount "429"]

1. e4 e5 2. Nf3 Nc6 3. Nc3 Nf6 4. Nxe5 Nxe5 5. d4 Ng6 6. e5 Ng8 7. Bc4 Bb4 8.
Qf3 Qe7 9. O-O Bxc3 10. bxc3 Nh6 11. Re1 O-O 12. Bxh6 gxh6 13. Rab1 d6 14. Bd5
c6 15. Bxc6 bxc6 16. Qxc6 Bd7 17. Qxd6 Qxd6 18. exd6 Be6 19. Rbd1 Bxa2 20. Ra1
Be6 21. Ra6 Rfd8 22. g3 Rdc8 23. Rea1 Rxc3 24. Rxa7 Rd8 25. Rc7 Rxc7 26. dxc7
Rc8 27. Ra7 Kf8 28. f4 Ke7 29. Ra5 Bd7 30. Ra7 Kd6 31. c4 Rxc7 32. c5+ Kc6 33.
d5+ Kxc5 34. Rxc7+ Kd6 35. Ra7 Ne7 36. Ra6+ Kxd5 37. Rxh6 Bf5 38. Rh5 Ke6 39.
Rh4 Ng6 40. Rxh7 Nxf4 41. Rh6+ Ng6 42. h4 Kf6 43. Rh5 Ne5 44. Rh8 Bg4 45. Kf2
Ng6 46. Ra8 Ne5 47. Ke3 Ng6 48. Ra5 Bf5 49. h5 Nf8 50. Rb5 Ne6 51. h6 Bc2 52.
Ra5 Kg6 53. Ra2 Bb1 54. Rh2 Kh7 55. Rh1 Bf5 56. Rh4 Bg6 57. g4 Kg8 58. Rh3 f6
59. Rf3 Kf7 60. Rf1 Bh7 61. Rf2 Kg6 62. Rf3 Ng5 63. Rf1 Nf7 64. Kf4 Nxh6 65.
Rc1 Nf7 66. Rc3 Ng5 67. Rc6 Bg8 68. Rd6 Ne6+ 69. Ke3 Bf7 70. Rd5 Ng5 71. Rb5
Be6 72. Kf4 Nf7 73. Rb6 Bd7 74. Ra6 Ng5 75. Rd6 Bb5 76. Rb6 Bc4 77. Rb4 Bf7 78.
Ke3 Bd5 79. Rb8 Ne6 80. Rb5 Bg2 81. Rh5 Bc6 82. Ra5 Be8 83. Ra6 Bf7 84. Ra7 Bg8
85. Ra8 Bh7 86. Ra5 Nf8 87. Rd5 Kf7 88. Rd2 Bb1 89. Rd1 Bc2 90. Rf1 Ke6 91. Kd4
Ng6 92. Ra1 Kf7 93. Rc1 Bb3 94. Rf1 Be6 95. g5 f5 96. Rh1 Kg7 97. Ra1 f4 98.
Ra7+ Kf8 99. Ke4 Bg4 100. Rb7 f3 101. Ke3 Kg8 102. Rb6 Kf7 103. Ke4 Kg7 104.
Rb2 Kf7 105. Rb1 Ne7 106. Rb6 Kg7 107. Rb2 Kf7 108. Rd2 Bh5 109. Rd6 Kg7 110.
Rf6 Ng6 111. Kd4 Nf8 112. Ke3 Nh7 113. Rf5 Kg6 114. Kf4 Kg7 115. Kg3 Nf8 116.
Kh4 Bg6 117. Rxf3 Ne6 118. Rf6 Nf8 119. Kg4 Bc2 120. Kf4 Ng6+ 121. Ke3 Bb1 122.
Rb6 Ba2 123. Ra6 Bf7 124. Rd6 Kg8 125. Rb6 Kg7 126. Ke4 Kg8 127. Rb7 Kg7 128.
Kf5 Nh4+ 129. Kg4 Ng6 130. Ra7 Nh8 131. Rd7 Ng6 132. Rc7 Nh8 133. Rc6 Ng6 134.
Rd6 Nh8 135. Kf5 Ng6 136. Rb6 Nh8 137. Rb7 Ng6 138. Rc7 Nh8 139. Rd7 Ng6 140.
Rd6 Nh8 141. Ra6 Ng6 142. Rf6 Nh8 143. Rc6 Ng6 144. Ra6 Nh8 145. Ke4 Ng6 146.
Rf6 Nh8 147. Rc6 Ng6 148. Rc7 Nh8 149. Rc5 Ng6 150. Rc1 Nh8 151. Rc7 Ng6 152.
Rd7 Nh8 153. Ra7 Ng6 154. Ra6 Nh8 155. Ra8 Ng6 156. Rd8 Nh8 157. Rd6 Ng6 158.
Kd4 Nh8 159. Rf6 Ng6 160. Rf5 Nh8 161. Ke3 Ng6 162. Rf6 Nh8 163. Rc6 Ng6 164.
Rc1 Nh8 165. Rc7 Ng6 166. Rb7 Nh8 167. g6 Nxg6 168. Rb6 Nh8 169. Kd4 Ng6 170.
Rd6 Nh8 171. Ke5 Ng6+ 172. Ke4 Nh8 173. Ra6 Ng6 174. Rb6 Nh8 175. Ke3 Ng6 176.
Rd6 Nh8 177. Kd4 Ng6 178. Rb6 Nh8 179. Ke5 Ng6+ 180. Kf5 Nh8 181. Rb2 Ng6 182.
Rg2 Be8 183. Ke6 Bf7+ 184. Kd6 Kf6 185. Rf2+ Kg7 186. Rf3 Bg8 187. Kc5 Bf7 188.
Kd4 Bg8 189. Ke4 Bf7 190. Rf1 Bg8 191. Kf5 Bf7 192. Rg1 Be8 193. Ke6 Bb5 194.
Rc1 Be8 195. Rc7+ Kf8 196. Ra7 Nh8 197. Kf6 Nf7 198. Rc7 Nh8 199. Rb7 Nf7 200.
Rb8 Nh8 201. Rb6 Nf7 202. Rb7 Nh8 203. Rc7 Nf7 204. Ra7 Nh8 205. Ra1 Nf7 206.
Ra8 Nh8 207. Ra6 Nf7 208. Ra5 Nh8 209. Re5 Nf7 210. Re4 Nh8 211. Rh4 Nf7 212.
Rh7 Kg8 213. Rh3 Kf8 214. Rb3 Nh8 215. Rb2 1/2-1/2

[Event "?"]
[Site "ICC 2 12 10/30/97, Internet C"]
[Date "1997.??.??"]
[Round "?"]
[White "Brause"]
[Black "mishah"]
[Result "1-0"]
[WhiteElo "2455"]
[BlackElo "1930"]
[PlyCount "31"]

1. e4 e5 2. Nf3 Nc6 3. Nc3 Nf6 4. Nxe5 Nxe5 5. d4 Nc6 6. d5 Nb8 7. e5 Ng8 8. d6
cxd6 9. exd6 Qf6 10. Nb5 Na6 11. Bc4 g5 12. Qe2+ Kd8 13. Be3 Bxd6 14. Bd4 Qe7
15. Nxd6 Qxd6 16. Bxh8 1-0

[Event "?"]
[Site "ICC 2 12 10/30/97, Internet C"]
[Date "1997.??.??"]
[Round "?"]
[White "Brause"]
[Black "mishah"]
[Result "1-0"]
[WhiteElo "2455"]
[BlackElo "1930"]
[PlyCount "21"]

1. e4 e5 2. Nf3 Nc6 3. Nc3 Nf6 4. Nxe5 Nxe5 5. d4 Nc6 6. d5 Nb8 7. e5 Qe7 8.
Qe2 Ng8 9. d6 cxd6 10. Nd5 Qd8 11. exd6+ 1-0

[Event "?"]
[Site "ICC 2 12 10/30/97, Internet C"]
[Date "1997.??.??"]
[Round "?"]
[White "Brause"]
[Black "mishah"]
[Result "1-0"]
[WhiteElo "2455"]
[BlackElo "1925"]
[PlyCount "27"]

1. e4 e5 2. Nf3 Nc6 3. Nc3 Nf6 4. Nxe5 Nxe5 5. d4 Nc6 6. d5 Nb8 7. e5 Ng8 8. d6
c6 9. Bc4 b5 10. Bb3 a5 11. Qf3 f6 12. Qe4 a4 13. exf6+ Ne7 14. f7# 1-0

[Event "?"]
[Site "ICC 2 12 10/30/97, Internet C"]
[Date "1997.??.??"]
[Round "?"]
[White "Brause"]
[Black "mishah"]
[Result "1-0"]
[WhiteElo "2455"]
[BlackElo "1925"]
[PlyCount "137"]

1. e4 e5 2. Nf3 Nc6 3. Nc3 Nf6 4. Nxe5 Nxe5 5. d4 Ng6 6. e5 Ng8 7. Bc4 c6 8.
Qf3 d5 9. exd6 Nf6 10. Qe2+ Kd7 11. Nb5 Qe8 12. Be3 Bxd6 13. Nxd6 Kxd6 14. h3
Nd5 15. Bxd5 cxd5 16. O-O Be6 17. Qd3 Qc6 18. a4 Kd7 19. a5 Rac8 20. Rac1 Rhe8
21. Bd2 f6 22. Qf3 Ke7 23. Rfe1 Kf7 24. Re3 Qd7 25. Rb3 Bf5 26. c3 Be4 27. Qg4
Qxg4 28. Rxb7+ Re7 29. Rxe7+ Nxe7 30. hxg4 a6 31. g5 f5 32. f3 Bd3 33. Kf2 Rc6
34. Bf4 Re6 35. Be5 Nc6 36. Ke3 Bc4 37. Kf4 Nxa5 38. Kxf5 g6+ 39. Kf4 Nc6 40.
Rh1 Kg8 41. Rg1 Nxe5 42. dxe5 Rb6 43. b4 Rc6 44. Ke3 Bb3 45. Kd3 Kf7 46. f4 Ke6
47. Rh1 Rc7 48. g3 Bc4+ 49. Ke3 Bb5 50. Kd2 Kf5 51. Re1 Kg4 52. Re3 Rc4 53. e6
Re4 54. Rxe4 dxe4 55. Ke3 Kf5 56. e7 Ke6 57. Kxe4 Kxe7 58. Kd5 Kd7 59. c4 Bc6+
60. Kc5 Kc7 61. Kd4 Kd6 62. Ke3 a5 63. bxa5 Kc5 64. g4 Kxc4 65. f5 Bd7 66. f6
Be6 67. a6 Kb5 68. a7 Bd5 69. f7 1-0

[Event "?"]
[Site "ICC 2 12 10/30/97, Internet C"]
[Date "1997.??.??"]
[Round "?"]
[White "Brause"]
[Black "enigma"]
[Result "1-0"]
[WhiteElo "2520"]
[BlackElo "2235"]
[PlyCount "37"]

1. e4 e5 2. Nf3 Nc6 3. Nc3 Nf6 4. Nxe5 Nxe5 5. d4 Nc6 6. d5 Ne5 7. f4 Neg4 8.
e5 Bc5 9. exf6 Nxf6 10. Qe2+ Qe7 11. Qxe7+ Kxe7 12. Bd2 Re8 13. O-O-O Kf8 14.
Bb5 a6 15. Bd3 b5 16. Rhe1 Bb7 17. Ne4 Nxe4 18. Bxe4 g6 19. f5 1-0

[Event "?"]
[Site "ICC 2 12 10/22/97, Internet C"]
[Date "1997.??.??"]
[Round "?"]
[White "Brause"]
[Black "drstrangemove"]
[Result "1-0"]
[WhiteElo "2545"]
[BlackElo "2000"]
[PlyCount "67"]

1. e4 e5 2. Nf3 Nc6 3. Nc3 Nf6 4. Nxe5 Nxe5 5. d4 Ng6 6. e5 Ng8 7. Bc4 d6 8.
Qf3 Qd7 9. O-O Qf5 10. Qe2 dxe5 11. f4 e4 12. Nxe4 Be7 13. Ng3 Qg4 14. Qxg4
Bxg4 15. f5 Nf8 16. h3 Nf6 17. hxg4 Nxg4 18. Re1 Nd7 19. Bf4 Rc8 20. f6 Ngxf6
21. Nf5 Ng8 22. Bd6 cxd6 23. Nxd6+ Kd8 24. Nxf7+ Ke8 25. Nd6+ Kd8 26. Nxc8 Kxc8
27. Bxg8 Bf6 28. Re8+ Kc7 29. c3 Bxd4+ 30. cxd4 Nf6 31. Rc1+ Kd7 32. Rec8 Rxg8
33. R1c7+ Kd6 34. Rxg8 1-0

[Event "?"]
[Site "ICC 2 12 10/22/97, Internet C"]
[Date "1997.??.??"]
[Round "?"]
[White "Brause"]
[Black "drstrangemove"]
[Result "1-0"]
[WhiteElo "2535"]
[BlackElo "2000"]
[PlyCount "31"]

1. e4 e5 2. Nf3 Nc6 3. Nc3 Nf6 4. Nxe5 Nxe5 5. d4 Ng6 6. e5 Ng8 7. Bc4 Bb4 8.
Qf3 Bxc3+ 9. bxc3 Qe7 10. O-O d6 11. Ba3 Be6 12. Qxb7 Qd8 13. Bb5+ Bd7 14. exd6
Bxb5 15. Rae1+ Kd7 16. Qxb5+ 1-0

[Event "?"]
[Site "ICC 2 12 10/22/97, Internet C"]
[Date "1997.??.??"]
[Round "?"]
[White "Brause"]
[Black "drstrangemove"]
[Result "1-0"]
[WhiteElo "2560"]
[BlackElo "2000"]
[PlyCount "41"]

1. e4 e5 2. Nf3 Nc6 3. Nc3 Nf6 4. Nxe5 Nxe5 5. d4 Ng6 6. e5 Ng8 7. Bc4 Bb4 8.
Qf3 Bxc3+ 9. bxc3 Qe7 10. O-O d6 11. Ba3 Nh6 12. exd6 cxd6 13. Rfe1 Be6 14. d5
O-O 15. dxe6 fxe6 16. Rxe6 Rxf3 17. Rxe7+ Kf8 18. Rd7 Rxc3 19. Bxd6+ Ke8 20.
Bb5 Rac8 21. Re1+ 1-0

[Event "?"]
[Site "ICC 2 12 10/22/97, Internet C"]
[Date "1997.??.??"]
[Round "?"]
[White "Brause"]
[Black "drstrangemove"]
[Result "1-0"]
[WhiteElo "2545"]
[BlackElo "1925"]
[PlyCount "63"]

1. e4 e5 2. Nf3 Nc6 3. Nc3 Nf6 4. Nxe5 Nxe5 5. d4 Ng6 6. e5 Ng8 7. Bc4 c6 8.
Qf3 d5 9. exd6 Be6 10. Bxe6 fxe6 11. Ne4 Bxd6 12. Qb3 Qe7 13. Nxd6+ Qxd6 14.
Qxb7 Rb8 15. Qxa7 N8e7 16. O-O O-O 17. Rd1 Nd5 18. Qc5 Qxc5 19. dxc5 Ne5 20. a3
Ng4 21. Rd2 Rfd8 22. b4 Nc3 23. f3 Ne5 24. Rxd8+ Rxd8 25. Bb2 Ne2+ 26. Kf1 Nd4
27. Rd1 Nc4 28. Rxd4 Rxd4 29. Bxd4 Nxa3 30. c3 Kf7 31. Ke2 g5 32. Kd3 1-0

[Event "?"]
[Site "ICC 2 12 11/03/97, Internet C"]
[Date "1997.??.??"]
[Round "?"]
[White "Brause"]
[Black "DrTarrasch"]
[Result "1-0"]
[WhiteElo "2520"]
[BlackElo "2190"]
[PlyCount "113"]

1. e4 e5 2. Nf3 Nc6 3. Nc3 Nf6 4. Nxe5 Nxe5 5. d4 Ng6 6. e5 Ng8 7. Bc4 Bb4 8.
Qf3 Qe7 9. O-O Bxc3 10. bxc3 Nh6 11. Bxh6 gxh6 12. Rab1 c6 13. Rbd1 O-O 14.
Rfe1 d5 15. exd6 Qxd6 16. d5 c5 17. Qh5 Kg7 18. Bd3 Bd7 19. Rb1 Rfe8 20. c4 b6
21. Qf3 Re5 22. Rxe5 Qxe5 23. h3 Re8 24. Bf1 Qd6 25. Qa3 Qc7 26. Qc3+ Qe5 27.
Qf3 Bf5 28. Qa3 Re7 29. Rb3 Be4 30. Re3 f5 31. f3 Qd4 32. Kh1 Qa1 33. Qc3+ Qxc3
34. Rxc3 Nf4 35. Re3 Kf6 36. fxe4 Rxe4 37. Ra3 Re1 38. Kg1 Re7 39. Ra6 Ke5 40.
a4 Rb7 41. a5 bxa5 42. Rxa5 Kd4 43. c3+ Kxc3 44. Rxc5 Kb4 45. Rc8 a5 46. Rf8 a4
47. Rxf5 Ng6 48. Bd3 Kc5 49. Kf2 a3 50. Ke3 a2 51. d6+ Kxd6 52. c5+ Kc7 53. Rf1
Rb2 54. Ra1 Kc6 55. Kd4 Nf4 56. Bxh7 Rxg2 57. Be4+ 1-0

[Event "?"]
[Site "ICC 2 12 11/03/97, Internet C"]
[Date "1997.??.??"]
[Round "?"]
[White "Brause"]
[Black "DrTarrasch"]
[Result "0-1"]
[WhiteElo "2525"]
[BlackElo "2185"]
[PlyCount "135"]

1. e4 e5 2. Nf3 Nc6 3. Nc3 Nf6 4. Nxe5 Nxe5 5. d4 Ng6 6. e5 Ng8 7. Bc4 Bb4 8.
Qf3 Qe7 9. O-O Bxc3 10. bxc3 Nh6 11. Be3 O-O 12. h3 d6 13. exd6 Qxd6 14. Bd3 c6
15. a4 Be6 16. Rab1 Qd7 17. a5 Nf5 18. Bd2 Nd6 19. a6 b6 20. Be3 Bd5 21. Qh5
Rae8 22. Rfe1 b5 23. Rbc1 f5 24. Bg5 Rxe1+ 25. Rxe1 Re8 26. Rxe8+ Qxe8 27. Bd2
Qe6 28. Qg5 Ne7 29. Qg3 Nec8 30. f3 Nb6 31. Bf4 Nbc4 32. Qf2 h6 33. Qg3 Kh7 34.
Kh2 g6 35. Kg1 g5 36. Bc1 Kh8 37. f4 Nf7 38. fxg5 hxg5 39. Bxg5 Nxg5 40. Qxg5
Qe3+ 41. Qxe3 Nxe3 42. g3 Bc4 43. Kf2 Nd1+ 44. Ke1 Bxd3 45. Kxd1 Bf1 46. h4 Bc4
47. Kd2 Kg7 48. Ke3 Kf6 49. Kd2 Be6 50. c4 Bxc4 51. c3 Be6 52. Kc2 Bc8 53. Kb3
Bxa6 54. Kb4 Bb7 55. c4 bxc4 56. Kxc4 Bc8 57. Kb4 Kg6 58. Kc5 a5 59. d5 cxd5
60. Kxd5 a4 61. Kc4 Bd7 62. Kb4 Be8 63. Kc3 Kh5 64. Kb4 Kg4 65. h5 Kxh5 66. Kc3
Kg4 67. Kd4 Kxg3 68. Ke5 0-1

[Event "?"]
[Site "ICC 2 12 11/03/97, Internet C"]
[Date "1997.??.??"]
[Round "?"]
[White "Brause"]
[Black "Fluffhead"]
[Result "1-0"]
[WhiteElo "2495"]
[BlackElo "1955"]
[PlyCount "59"]

1. e4 e5 2. Nf3 Nc6 3. Nc3 Nf6 4. Nxe5 Nxe5 5. d4 Ng6 6. e5 Ng8 7. Bc4 Bb4 8.
Qf3 Qe7 9. O-O Bxc3 10. bxc3 Nh6 11. Be3 O-O 12. h3 c6 13. Bb3 d5 14. Bxh6 gxh6
15. c4 dxc4 16. Bxc4 Be6 17. Bb3 Rad8 18. Qe3 Bxb3 19. axb3 h5 20. Rxa7 Qb4 21.
Ra4 Qb6 22. Qc3 Rd5 23. Rb4 Qc7 24. Ra1 Nf4 25. Qf3 Ne6 26. Ra7 Rb8 27. Qxh5
Rxd4 28. Rxd4 Nxd4 29. Qg4+ Kf8 30. Qxd4 1-0

[Event "?"]
[Site "ICC 2 12 11/03/97, Internet C"]
[Date "1997.??.??"]
[Round "?"]
[White "Brause"]
[Black "CalifPhantom"]
[Result "1-0"]
[WhiteElo "2495"]
[BlackElo "2240"]
[PlyCount "28"]

1. e4 e5 2. Nf3 Nc6 3. Nc3 Nf6 4. Nxe5 Nxe5 5. d4 Ng6 6. e5 Ng8 7. Bc4 c6 8.
Qf3 Qe7 9. O-O h6 10. Ne4 d5 11. exd6 Qd7 12. Nc5 Qf5 13. Re1+ Kd8 14. Nxb7+
Kd7 1-0

[Event "?"]
[Site "ICC 2 12 11/03/97, Internet C"]
[Date "1997.??.??"]
[Round "?"]
[White "Brause"]
[Black "netro"]
[Result "1-0"]
[WhiteElo "2500"]
[BlackElo "2275"]
[PlyCount "63"]

1. e4 Nf6 2. Nc3 e5 3. Nf3 Nc6 4. Nxe5 Nxe5 5. d4 Ng6 6. e5 Ng8 7. Bc4 d6 8.
Qf3 Qd7 9. O-O dxe5 10. dxe5 Nxe5 11. Re1 Bd6 12. Bf4 f6 13. Bb5 c6 14. Rad1
Qe6 15. Qg3 Kf8 16. Bxe5 Bxe5 17. f4 cxb5 18. fxe5 Qb6+ 19. Re3 Bf5 20. Rd6 Qc5
21. Rd5 Qc8 22. Qf4 Ne7 23. exf6 Nxd5 24. Nxd5 Qc5 25. Qe5 g6 26. b4 Qxe3+ 27.
Qxe3 Re8 28. Qh6+ Kf7 29. Qg7+ Ke6 30. Nc7+ Kd6 31. Nxe8+ Rxe8 32. f7 1-0

[Event "?"]
[Site "ICC 2 12 11/03/97, Internet C"]
[Date "1997.??.??"]
[Round "?"]
[White "Brause"]
[Black "iranu"]
[Result "1-0"]
[WhiteElo "2500"]
[BlackElo "2170"]
[PlyCount "81"]

1. e4 e5 2. Nf3 Nc6 3. Nc3 Nf6 4. Nxe5 Nxe5 5. d4 Ng6 6. e5 Ng8 7. Bc4 Bb4 8.
Qf3 Bxc3+ 9. bxc3 Qe7 10. O-O f6 11. exf6 Qxf6 12. Re1+ N8e7 13. Qxf6 gxf6 14.
Bh6 b5 15. Bb3 a5 16. Bg7 Rf8 17. Bxf8 Kxf8 18. a4 Ba6 19. axb5 Bxb5 20. c4 Bc6
21. Ra3 d5 22. cxd5 Bxd5 23. Bxd5 Nxd5 24. Rea1 Nb4 25. c3 Nd5 26. c4 Ndf4 27.
d5 Ne5 28. Rxa5 Re8 29. g3 Ne2+ 30. Kg2 Nxc4 31. Rc5 Nb6 32. Rxc7 Nxd5 33. Rxh7
Ne7 34. Ra7 Nd4 35. Rh8+ Kf7 36. Rxe8 Kxe8 37. h4 Nb5 38. Rb7 Nd6 39. Rc7 Nb5
40. Rc5 Nd4 41. h5 1-0

[Event "?"]
[Site "ICC 2 12 10/14/97, Internet C"]
[Date "1997.??.??"]
[Round "?"]
[White "Brause"]
[Black "mishah"]
[Result "1-0"]
[WhiteElo "2435"]
[BlackElo "1950"]
[PlyCount "121"]

1. e4 e5 2. Nf3 Nc6 3. Nc3 Nf6 4. Nxe5 Nxe5 5. d4 Ng6 6. e5 Ng8 7. Bc4 d6 8.
Qf3 f6 9. O-O Be7 10. Qd5 c6 11. Qf7+ Kd7 12. exd6 Kxd6 13. Qxg7 Qf8 14. Ne4+
Kc7 15. Qxf8 Nxf8 16. Bf4+ Kd8 17. Nd6 Bxd6 18. Bxd6 Nh6 19. Bb4 b5 20. Ba5+
Kd7 21. Bb3 Ne6 22. a4 a6 23. Bd2 Nf5 24. axb5 Nfxd4 25. bxc6+ Kxc6 26. Ba4+
Kb7 27. c3 Nc6 28. Be3 Bd7 29. Rfd1 Rhd8 30. Bb3 Bc8 31. Bd5 Kc7 32. f3 Rd6 33.
c4 Rb8 34. Rab1 Nb4 35. Ba7 Nxd5 36. Bxb8+ Kxb8 37. Rxd5 Rxd5 38. cxd5 Nf4 39.
Rd1 Kc7 40. g3 Ng6 41. Rc1+ Kd7 42. d6 Ne5 43. Rc7+ Kd8 44. f4 Nf3+ 45. Kg2 Nd4
46. Rxh7 Nb5 47. Rf7 Nxd6 48. Rxf6 Ke7 49. Rh6 Bf5 50. Kf2 a5 51. h3 a4 52. g4
Be6 53. Rh7+ Bf7 54. h4 Nc4 55. g5 Kf8 56. h5 Nxb2 57. g6 Bg8 58. h6 a3 59. Ra7
a2 60. Ra8+ Ke7 61. h7 1-0

[Event "?"]
[Site "ICC 2 12 10/14/97, Internet C"]
[Date "1997.??.??"]
[Round "?"]
[White "Brause"]
[Black "DrTarrasch"]
[Result "1-0"]
[WhiteElo "2435"]
[BlackElo "2135"]
[PlyCount "68"]

1. e4 e5 2. Nf3 Nc6 3. Nc3 Nf6 4. Nxe5 Nxe5 5. d4 Ng6 6. e5 Ng8 7. Bc4 Bb4 8.
Qf3 Qe7 9. O-O Bxc3 10. bxc3 Nh6 11. Re1 O-O 12. Bd3 d6 13. Bxh6 gxh6 14. exd6
Qxd6 15. Rab1 Rb8 16. a4 c6 17. a5 a6 18. Rb4 Be6 19. Reb1 Qc7 20. Qh5 Kg7 21.
Qc5 Rfe8 22. Qb6 Qd7 23. Qa7 Bd5 24. c4 Bxg2 25. Kxg2 Qg4+ 26. Kh1 Qf3+ 27. Kg1
Nh4 28. Bf1 Re6 29. Qxb8 Nf5 30. Bg2 Rg6 31. Qe5+ Kg8 32. Qg3 Qh5 33. Qb8+ Kg7
34. Qe5+ f6 1-0

[Event "?"]
[Site "ICC 2 12 10/14/97, Internet C"]
[Date "1997.??.??"]
[Round "?"]
[White "Brause"]
[Black "DrTarrasch"]
[Result "0-1"]
[WhiteElo "2440"]
[BlackElo "2130"]
[PlyCount "141"]

1. e4 e5 2. Nf3 Nc6 3. Nc3 Nf6 4. Nxe5 Nxe5 5. d4 Ng6 6. e5 Ng8 7. Bc4 Bb4 8.
Qf3 Qe7 9. O-O Bxc3 10. bxc3 Nh6 11. Re1 O-O 12. Bd3 d6 13. Bxh6 gxh6 14. exd6
Qxd6 15. Rab1 Rb8 16. Rb4 c6 17. Ra4 a6 18. Ra5 b5 19. Be4 Bb7 20. Qh5 Kg7 21.
Kf1 Rfe8 22. g3 Re6 23. f3 Rbe8 24. Ra1 Qe7 25. a4 Rxe4 26. fxe4 Qxe4 27. Rd1
Bc8 28. Kg1 Bg4 29. Qxg4 Qxg4 30. Rf1 Re2 31. Rf2 Re1+ 32. Rf1 Re4 33. Rxa6 Nf4
34. Ra7 Kg6 35. Ra8 Nh3+ 36. Kh1 Re2 37. Rg8+ Kh5 38. Rxg4 Kxg4 39. axb5 cxb5
40. d5 Rd2 41. Rb1 Rxd5 42. Rb4+ Kf3 43. Rb1 Rd2 44. Rf1+ Kg4 45. Rb1 f5 46.
Rf1 h5 47. Rb1 h4 48. gxh4 f4 49. h5 Ng5 50. Rg1+ Kh4 51. Rg2 Rd1+ 52. Rg1 Rd5
53. h6 Nf3 54. Rf1 Kg4 55. Kg2 Rd2+ 56. Rf2 Nh4+ 57. Kf1 Rxf2+ 58. Kxf2 f3 59.
Kg1 Kf4 60. Kf2 Ng6 61. c4 bxc4 62. c3 Ne5 63. h3 Nd3+ 64. Kf1 Ke3 65. h4 f2
66. h5 Ne5 67. Kg2 Ke2 68. Kh3 f1=Q+ 69. Kh2 Qf2+ 70. Kh1 Qh4+ 71. Kg1 0-1

[Event "?"]
[Site "ICC 2 12 10/14/97, Internet C"]
[Date "1997.??.??"]
[Round "?"]
[White "Brause"]
[Black "mishah"]
[Result "1-0"]
[WhiteElo "2445"]
[BlackElo "1945"]
[PlyCount "31"]

1. e4 e5 2. Nf3 Nc6 3. Nc3 Nf6 4. Nxe5 Nxe5 5. d4 Ng6 6. e5 Qe7 7. f4 d6 8. Be2
Ng8 9. O-O dxe5 10. fxe5 Bd7 11. Nb5 Bxb5 12. Bxb5+ c6 13. Bc4 f6 14. exf6 Nxf6
15. Re1 Ne4 16. Qg4 1-0

[Event "?"]
[Site "ICC 2 12 10/14/97, Internet C"]
[Date "1997.??.??"]
[Round "?"]
[White "Brause"]
[Black "mishah"]
[Result "1-0"]
[WhiteElo "2445"]
[BlackElo "1945"]
[PlyCount "40"]

1. e4 e5 2. Nf3 Nc6 3. Nc3 Nf6 4. Nxe5 Nxe5 5. d4 Nc6 6. d5 Ne5 7. f4 Ng6 8. e5
Ng8 9. d6 cxd6 10. exd6 Qf6 11. Nb5 Kd8 12. Be3 Nxf4 13. Qd2 g5 14. Qa5+ b6 15.
Bxb6+ Ke8 16. Nc7+ Kd8 17. Nxa8+ axb6 18. Qxb6+ Ke8 19. Nc7+ Kd8 20. Nd5+ Ke8
1-0

[Event "?"]
[Site "ICC 2 12 10/14/97, Internet C"]
[Date "1997.??.??"]
[Round "?"]
[White "Brause"]
[Black "mishah"]
[Result "1-0"]
[WhiteElo "2450"]
[BlackElo "1945"]
[PlyCount "59"]

1. e4 e5 2. Nf3 Nc6 3. Nc3 Nf6 4. Nxe5 Nxe5 5. d4 d6 6. dxe5 dxe5 7. Qxd8+ Kxd8
8. Bg5 Be7 9. O-O-O+ Bd7 10. Bc4 Rf8 11. Rd3 Ke8 12. Rhd1 Bc6 13. Bb5 Rd8 14.
Bxc6+ bxc6 15. Rxd8+ Bxd8 16. Kd2 h6 17. Be3 a6 18. h3 Be7 19. Kd3 Bb4 20. f3
Ke7 21. Kc4 Bd6 22. Ne2 Rb8 23. b3 Nd7 24. Ng3 Nb6+ 25. Bxb6 Rxb6 26. Nf5+ Ke6
27. Nxg7+ Kf6 28. Nf5 Bf8 29. Rd8 Bg7 30. Rg8 1-0

[Event "?"]
[Site "ICC 2 12 10/14/97, Internet C"]
[Date "1997.??.??"]
[Round "?"]
[White "Brause"]
[Black "mishah"]
[Result "1-0"]
[WhiteElo "2450"]
[BlackElo "1940"]
[PlyCount "63"]

1. e4 e5 2. Nf3 Nc6 3. Nc3 Nf6 4. Nxe5 Nxe5 5. d4 Ng6 6. e5 Bb4 7. exf6 Qxf6 8.
Bc4 O-O 9. O-O Bxc3 10. bxc3 c6 11. Be2 d5 12. c4 Be6 13. cxd5 cxd5 14. Rb1 b6
15. Be3 Rac8 16. Re1 Bf5 17. Rc1 Qc6 18. c4 Qd6 19. Qa4 a5 20. c5 bxc5 21. dxc5
Qc7 22. Bd2 Ra8 23. c6 Ne7 24. Rc5 Qd6 25. Rec1 Rfc8 26. a3 Bd7 27. Bf4 Bxc6
28. Bxd6 Bxa4 29. Bxe7 Re8 30. Rc7 f6 31. Bh5 g6 32. Bf3 1-0